00705nam a2200193 a 450000500170000000800410001704000250005804100130008304400070009608200170010311100690012024500570018924600490024626000330029530000180032850001110034665000260045765000280048320150326020003.0140303b1994 sz ||||| |||| 00| 0 eng d aCO-BoIAVHcCO-BoIAVH aspaheng asz04a346.048bU332 aInternational Academy of the EnvironmentcGeneved23 julio, 199410aIntellectual property rights and indigenous peoples. aPropiedad intelectual y pueblos indígenas. aGinebra:bIUCN,bWWF,c1994. a25 p.c28 cm. aWorkshop report - Reporte de un taller. TAller informar realizado el 23 de julio de 1994 en Ginebra, Suiza aPropiedad intelectual aComunidades indígenas